000 00788nam a2200229 a 4500
001 000023039
005 20240503073631.0
008 101125s1970 sp r 000 p spa d
040 _aDO-SdBNP
_bspa
_cBNPHU
082 _a861.3
_bC419p
100 1 _aCervantes Saavedra, Miguel de,
_d1547-1616
_c1547-1616.
_93070
245 1 0 _aPoesías /
_cMiguel de Cervantes ; introducción, selección y notas de Vicente Gaos.
260 _aMadrid, (España) :
_bTaurus Ediciones,
_c1970.
300 _a121 p. ;
_c18 cm.
490 1 _aTemas de España
_v88
500 _aIncluye referencias bibliográficas (p. 19-21)
650 4 _aPoesía española
_9631
650 4 _aLiteratura española
_9632
700 1 _aGaos, Vicente
_eintr.
_947407
830 0 _aTemas de España ;
_v88
_96849
049 _aBNGR
999 _c22536
_d22536